The American mind : An interpretation of American thought and character since the 1880's
محفوظ في:
| المؤلف الرئيسي: | |
|---|---|
| التنسيق: | كتاب |
| اللغة: | Undetermined |
| منشور في: |
New Haven
Yale University Press
1950
|
| الموضوعات: | |
| الوسوم: |
إضافة وسم
لا توجد وسوم, كن أول من يضع وسما على هذه التسجيلة!
|
| Thư viện lưu trữ: | Trung tâm Học liệu Trường Đại học Cần Thơ |
|---|
| LEADER | 00601nam a2200205Ia 4500 | ||
|---|---|---|---|
| 001 | CTU_77596 | ||
| 008 | 210402s9999 xx 000 0 und d | ||
| 082 | |a 917.3 | ||
| 082 | |b C734 | ||
| 100 | |a Commager, Henry Steele | ||
| 245 | 4 | |a The American mind : | |
| 245 | 3 | |b An interpretation of American thought and character since the 1880's | |
| 245 | 0 | |c Henry Steele Commager | |
| 260 | |a New Haven | ||
| 260 | |b Yale University Press | ||
| 260 | |c 1950 | ||
| 650 | |a National characteristics | ||
| 650 | |x American | ||
| 904 | |i Bằng | ||
| 980 | |a Trung tâm Học liệu Trường Đại học Cần Thơ | ||